El Tejido de Weiser. Claves, evolución y tendencias de la educación digital

Uloženo v:
Podrobná bibliografie
Hlavní autor: Mas García, Xavier
Médium: Neznámo
Jazyk:angličtina
Vydáno: Barcelona, España. UOC, 2017
Edice:Outer Edu
Témata:
Tagy: Přidat tag
Žádné tagy, Buďte první, kdo vytvoří štítek k tomuto záznamu!

MARC

LEADER 00000 a2200000 4500
003 CL-VaPUC
005 20210929084830.0
008 200922b ||||| |||| 00| 0 eng d
999 |c 431933  |d 431931 
020 |a 978-849-116-877-5 
040 |c Pontificia Universidad Católica de Valparaíso 
082 |a 371.3344678 MAS 2018 
100 |a Mas García, Xavier  |9 857211 
245 |a El Tejido de Weiser.   |b Claves, evolución y tendencias de la educación digital 
260 |a Barcelona, España.   |b UOC,  |c 2017 
300 |a 204 páginas  
440 |a Outer Edu  |9 857215 
583 |k Cristina Rojas  |c 20200922 
650 0 |a Tecnología educacional  |9 307265 
650 0 |a Tecnología y educación digital.  |9 814915 
650 0 |a Educación   |v Internet  |9 857216 
852 |a BIBEDU 
942 |2 ddc  |c BK 
952 |0 0  |1 0  |2 ddc  |4 0  |6 371_334467800000000_MAS_2018  |7 0  |8 A  |9 576851  |a BIBEDU  |b BIBEDU  |d 2020-11-06  |e 3  |g 26857.00  |i 557708K  |l 2  |o 371.3344678 MAS 2018  |p 557708K  |r 2024-03-26  |s 2024-03-19  |t 1  |v 26857.00  |w 2020-11-06  |y BK  |k EBA